000 00732nam a2200265Ia 4500
003 OSt
005 20220918163533.0
006 a|||||r|||| 00| 0
007 ta
008 220917b |||||||| |||| 00| 0 eng d
020 _a 0080279422 (PB)
020 _a0-08-027941-4 (HB)
024 _a249,181
037 _cTextual
040 _aARTS
_cARTS
_beng
041 _2eng
_aeng
082 _aY:6(D), M3
100 _aAida Shuhei Ed.
_913572
245 0 _aHuman use of human ideas
_b The discoveries project and eco-technology
260 _aOxford
_bPergamon Press UK
_c1983
300 _aix,311p.
_ccm.
650 _aSOCIOLOGY
942 _hY:6(D), M3
_cTEXL
_2CC
999 _c119952
_d119952